| 000 | 01346cam a22003254a 4500 | ||
|---|---|---|---|
| 001 | 14487836 | ||
| 005 | 20070410094605.0 | ||
| 008 | 060808s2007 paua bf 001 0 eng | ||
| 010 | _a 2006025969 | ||
| 020 | _a9780781783071 | ||
| 020 | _a0781783070 | ||
| 035 | _a(OCoLC)ocm70921413 | ||
| 040 |
_aDNLM/DLC _cDLC _dBAKER _dC#P _dYDXCP _dDLC |
||
| 042 | _apcc | ||
| 050 | 0 | 0 |
_aRS57 _b.D668 2007 |
| 060 | 1 | 0 |
_aQV 39 _bD722 2007 |
| 082 | 0 | 0 |
_a615.1401513 _222 _bDOS NR |
| 245 | 0 | 0 |
_aDosage calculations : _bAn incredibly easy! workout / |
| 260 |
_aPhiladelphia : _bLippincott Williams & Wilkins, _cc2009. |
||
| 300 |
_a280 p. : _bill. col. ; _c20 cm. |
||
| 490 | 0 | _aIncredibly easy ; | |
| 650 | 2 | _aPharmaceutical Preparations | |
| 650 | 2 | _aMathematics | |
| 710 | 2 | _aLippincott Williams & Wilkins. | |
| 856 | 4 | 1 |
_3Table of contents only _uhttp://www.loc.gov/catdir/toc/ecip0619/2006025969.html |
| 856 | 4 | 2 |
_3Publisher description _uhttp://www.loc.gov/catdir/enhancements/fy0712/2006025969-d.html |
| 942 |
_2ddc _cBB |
||
| 999 |
_c10934 _d10934 |
||